Sweden Players Biggest Transfers - Statistics

General Stats
  • This quiz has been taken 77 times
  • The average score is 69 of 250
Answer Stats
Player From Joined % Correct
ST Zlatan Ibrahimovic 09/10 Inter Milan Barcelona
99%
ST Zlatan Ibrahimovic 06/07 Juventus Inter Milan
99%
ST Zlatan Ibrahimovic 11/12 Barcelona Milan
99%
ST Zlatan Ibrahimovic 12/13 Milan Paris Saint-Germain
99%
ST Zlatan Ibrahimovic 04/05 Ajax Juventus
99%
ST Zlatan Ibrahimovic 01/02 Malmo Ajax
99%
ST Zlatan Ibrahimovic 10/11 Barcelona Milan
99%
ST Alexander Isak 22/23 Real Sociedad Newcastle United
96%
ST Alexander Isak 19/20 Borussia Dortmund Real Sociedad
96%
ST Alexander Isak 16/17 AIK Borussia Dortmund
96%
RW Dejan Kulusevski 19/20 Atalanta Juventus
88%
RW Dejan Kulusevski 23/24 Juventus Tottenham Hotspur
88%
RW Dejan Kulusevski 21/22 Juventus Tottenham Hotspur
88%
RW Dejan Kulusevski 16/17 Brommapojkarna Atalanta
88%
CB Victor Lindelof 17/18 Benfica Manchester United
87%
CB Victor Lindelof 12/13 Vasteras Benfica
87%
ST Jordan Larsson 19/20 Norrkoping Spartak Moscow
81%
ST Jordan Larsson 23/24 Schalke Kobenhavn
81%
CM Sebastian Larsson 06/07 Arsenal Birmingham City
81%
CM Hugo Larsson 23/24 Malmo Eintracht Frankfurt
80%
CB Peter Larsson 08/09 Halmstads Kobenhavn
80%
LW Sam Larsson 19/20 Feyenoord Dalian Pro
80%
LW Sam Larsson 17/18 Heerenveen Feyenoord
80%
LW Sam Larsson 14/15 Goteborg Heerenveen
80%
LW Anthony Elanga 23/24 Manchester United Nottingham Forest
75%
GK Robin Olsen 18/19 Kobenhavn Roma
65%
GK Robin Olsen 22/23 Roma Aston Villa
65%
GK Robin Olsen 16/17 PAOK Kobenhavn
65%
ST Viktor Gyokeres 23/24 Coventry City Sporting CP
62%
ST Viktor Gyokeres 21/22 Brighton & Hove Albion Coventry City
62%
ST Marcus Berg 09/10 Groningen Hamburg
58%
ST Marcus Berg 07/08 Goteborg Groningen
58%
ST Marcus Berg 17/18 Panathinaikos Al-Ain
58%
AM Emil Forsberg 14/15 Malmo RB Leipzig
57%
CB Erik Berg 15/16 Malmo Gent
57%
CB Erik Berg 15/16 Gent Kobenhavn
57%
ST Andreas Andersson 97/98 Milan Newcastle United
55%
ST Andreas Andersson 97/98 Goteborg Milan
55%
ST Andreas Andersson 99/00 Newcastle United AIK
55%
DM Daniel Andersson 01/02 Bari Venezia
55%
ST Kennet Andersson 00/01 Bologna Fenerbahce
55%
CB Patrik Andersson 01/02 Bayern Munich Barcelona
55%
CB Patrik Andersson 99/00 Borussia Monchengladbach Bayern Munich
55%
DM Albin Ekdal 15/16 Cagliari Hamburg
54%
DM Albin Ekdal 11/12 Juventus Cagliari
54%
DM Albin Ekdal 18/19 Hamburg Sampdoria
54%
DM Albin Ekdal 10/11 Juventus Bologna
54%
DM Albin Ekdal 11/12 Bologna Juventus
54%
RB Joel Andersson 18/19 Hacken Midtjylland
54%
CB Mattias Andersson 19/20 Juventus Sion
54%
ST Sebastian Andersson 20/21 Union Berlin Koln
54%
RM Freddie Ljungberg 98/99 Halmstads Arsenal
52%
RM Freddie Ljungberg 07/08 Arsenal West Ham United
52%
CB Hjalmar Ekdal 22/23 Djurgardens Burnley
52%
LB Ludwig Augustinsson 21/22 Werder Bremen Sevilla
51%
LB Ludwig Augustinsson 17/18 Kobenhavn Werder Bremen
51%
LB Ludwig Augustinsson 14/15 Goteborg Kobenhavn
51%
CB Olof Mellberg 01/02 Racing Santander Aston Villa
48%
CB Olof Mellberg 09/10 Juventus Olympiacos
48%
GK Andreas Isaksson 06/07 Rennes Manchester City
45%
GK Andreas Isaksson 08/09 Manchester United PSV
45%
GK Andreas Isaksson 04/05 Djurgardens Rennes
45%
GK Andreas Isaksson 99/00 Trelleborg Juventus
45%
CM Kim Kallstrom 06/07 Rennes Lyon
43%
CM Kim Kallstrom 03/04 Djurgardens Rennes
43%
CM Kim Kallstrom 12/13 Lyon Spartak Moscow
43%
CM Kim Kallstrom 01/02 Hacken Djurgardens
43%
CM Kristoffer Olsson 18/19 AIK Krasnodar
43%
CM Kristoffer Olsson 21/22 Krasnodar Anderlecht
43%
CM Kristoffer Olsson 23/24 Anderlecht Midtjylland
43%
LB Martin Olsson 16/17 Norwich City Swansea City
43%
LB Martin Olsson 13/14 Blackburn Rovers Norwich City
43%
CM Simon Olsson 22/23 Elfsborg Heerenveen
42%
CM Rasmus Elm 12/13 AZ Alkmaar CSKA Moscow
41%
CM Rasmus Elm 09/10 Kalmar AZ Alkmaar
41%
DM Anders Svensson 05/06 Southampton Elfsborg
38%
ST Johan Elmander 08/09 Toulouse Bolton Wanderers
38%
ST Johan Elmander 06/07 Brondby Toulouse
38%
ST Johan Elmander 00/01 Orgryte Feyenoord
38%
DM Magnus Svensson 99/00 Viking Brondby
38%
CM Mattias Svanberg 22/23 Bologna Wolfsburg
38%
CM Mattias Svanberg 18/19 Malmo Bologna
38%
CB Michael Svensson 02/03 Troyes Southampton
38%
CB Andreas Granqvist 13/14 Genoa Krasnodar
36%
CB Andreas Granqvist 11/12 Groningen Genoa
36%
LW Jesper Karlsson 23/24 AZ Alkmaar Bologna
33%
LW Jesper Karlsson 20/21 Elfsborg AZ Alkmaar
33%
CB Pontus Jansson 19/20 Leeds United Brentford
32%
CB Pontus Jansson 17/18 Torino Leeds United
32%
CM Jens Cajuste 23/24 Reims Napoli
30%
CM Jens Cajuste 21/22 Midtjylland Reims
30%
RB Emil Krafth 19/20 Amiens Newcastle United
29%
RB Emil Krafth 19/20 Bologna Amiens
29%
ST Robin Quaison 16/17 Palermo Mainz
29%
ST Robin Quaison 14/15 AIK Palermo
29%
AM Ola Toivonen 08/09 Malmo PSV
28%
AM Ola Toivonen 13/14 PSV Rennes
28%
AM Ola Toivonen 16/17 Rennes Toulouse
28%
RW David Moberg Karlsson 13/14 Goteborg Sunderland
26%
RW David Moberg Karlsson 18/19 Norrkoping Sparta Prague
26%
ST Markus Rosenberg 05/06 Malmo Ajax
25%
ST Markus Rosenberg 06/07 Ajax Werder Bremen
25%
LB Nils-Eric Johansson 01/02 Nuremberg Blackburn Rovers
25%
RM Mattias Johansson 11/12 Kalmar AZ Alkmaar
23%
ST Isaac Kiese Thelin 14/15 Malmo Bordeaux
22%
ST Isaac Kiese Thelin 17/18 Bordeaux Anderlecht
22%
CB Isak Hien 22/23 Djurgardens Hellas Verona
22%
LM Jesper Blomqvist 98/99 Parma Manchester United
22%
LM Jesper Blomqvist 97/98 Milan Parma
22%
LM Jesper Blomqvist 96/97 Goteborg Milan
22%
LM Ken Sema 18/19 Ostersunds Watford
22%
ST John Guidetti 18/19 Celta Vigo Alaves
19%
ST Lasse Nilsson 07/08 Heerenveen Saint-Etienne
19%
CB Marcus Nilsson 11/12 Helsingborgs Utrecht
19%
ST Martin Dahlin 97/98 Roma Blackburn Rovers
19%
ST Martin Dahlin 96/97 Borussia Monchengladbach Roma
19%
CB Per Nilsson 07/08 Odd Hoffenheim
19%
RM Emil Holm 23/24 Spezia Atalanta
17%
CM Viktor Claesson 16/17 Elfsborg Krasnodar
17%
ST Amin Sarr 22/23 Heerenveen Lyon
14%
ST Amin Sarr 21/22 Malmo Heerenveen
14%
ST Amin Sarr 23/24 Lyon Wolfsburg
14%
CM Jimmy Durmaz 16/17 Olympiacos Toulouse
14%
CM Jimmy Durmaz 14/15 Genclerbirligi Olympiacos
14%
RM Niclas Alexandersson 00/01 Sheffield Wednesday Everton
14%
RM Niclas Alexandersson 97/98 Goteborg Sheffield Wednesday
14%
CB Carl Starfelt 23/24 Celtic Celta Vigo
13%
CB Carl Starfelt 21/22 Rubin Kazan Celtic
13%
CB Carl Starfelt 19/20 Goteborg Rubin Kazan
13%
LB Erik Edman 05/06 Tottenham Hotspur Rennes
13%
LB Erik Edman 04/05 Heerenveen Tottenham Hotspur
13%
RB Felix Beijmo 18/19 Djurgardens Werder Bremen
13%
CB Filip Helander 19/20 Bologna Rangers
13%
CB Filip Helander 17/18 Hellas Verona Bologna
13%
CB Glenn Hysen 87/88 Goteborg Fiorentina
13%
CB Marcus Danielson 19/20 Djurgardens Dalian Pro
13%
ST Oscar Vilhelmsson 22/23 Goteborg Darmstadt
13%
CM Pontus Wernbloom 11/12 AZ Alkmaar CSKA Moscow
13%
CM Pontus Wernbloom 09/10 Goteborg AZ Alkmaar
13%
ST Tobias Hysen 07/08 Sunderland Goteborg
13%
ST Tobias Hysen 06/07 Djurgardens Sunderland
13%
DM Tobias Linderoth 01/02 Stabaek Everton
13%
DM Tobias Linderoth 07/08 Kobenhavn Galatasaray
13%
DM Tobias Linderoth 04/05 Everton Kobenhavn
13%
AM Anders Limpar 93/94 Arsenal Everton
12%
AM Anders Limpar 90/91 Cremonese Arsenal
12%
LB Gabriel Gudmundsson 21/22 Groningen Lile
12%
CB Jon Jonsson 07/08 Elfsborg Toulouse
12%
ST Marcus Allback 02/03 Heerenveen Aston Villa
12%
ST Marcus Allback 00/01 Orgryte Heerenveen
12%
ST Rasmus Jonsson 11/12 Helsingborgs Wolfsburg
12%
CM Stefan Schwarz 99/00 Valencia Sunderland
12%
CM Stefan Schwarz 98/99 Fiorentina Valencia
12%
CM Stefan Schwarz 95/96 Arsenal Fiorentina
12%
CM Stefan Schwarz 94/95 Benfica Arsenal
12%
CB Joachim Bjorklund 01/02 Valencia Venezia
10%
CB Joachim Bjorklund 01/02 Venezia Sunderland
10%
LW Jorgen Pettersson 99/00 Borussia Monchengladbach Kaiserslautern
10%
LW Jorgen Pettersson 95/96 Malmo Borussia Monchengladbach
10%
AM Lukas Bjorklund 20/21 Malmo Milan
10%
CM Magnus Eriksson 14/15 Malmo Guizhou Renhe
10%
CM Magnus Eriksson 17/18 Djurgardens San Jose Earthquakes
10%
ST Stefan Pettersson 88/89 Goteborg Ajax
10%
CM Yasin Ayari 22/23 AIK Brighton & Hove Albion
10%
RW Christian Wilhelmsson 08/09 Nantes Al-Hilal
9%
RW Christian Wilhelmsson 06/07 Anderlecht Nantes
9%
RM Niclas Eliasson 20/21 Bristol City Nimes
9%
RM Niclas Eliasson 22/23 Nimes AEK Athens
9%
RM Niclas Eliasson 17/18 Norrkoping Bristol City
9%
CM Sebastian Eriksson 12/13 Goteborg Cagliari
9%
CM Simon Gustafson 15/16 Hacken Feyenoord
9%
AM Williot Swedberg 22/23 Hammarby Celta Vigo
9%
CB Gustaf Lagerbielke 23/24 Elfsborg Celtic
7%
CM Hakan Mild 96/97 Goteborg Real Sociedad
7%
RW Joel Asoro 18/19 Sunderland Swansea City
7%
RW Joel Asoro 23/24 Djurgardens Metz
7%
GK Magnus Hedman 02/03 Coventry City Celtic
7%
GK Pontus Dahlberg 17/18 Goteborg Watford
7%
CM Alexander Farnerud 06/07 Strasbourg Stuttgart
6%
CM Alexander Farnerud 13/14 Young Boys Torino
6%
RB Fredrik Stoor 08/09 Rosenberg Fulham
6%
ST Johnny Ekstrom 88/89 Empoli Bayern Munich
6%
ST Johnny Ekstrom 89/90 Bayern Munich Cannes
6%
RM Kennedy Bakircioglu 07/08 Twente Ajax
6%
GK Leopold Wahlstedt 23/24 Odd Blackburn Rovers
6%
RW Pontus Almqvist 20/21 Norrkoping Rostov
6%
CM Samuel Holmen 07/08 Elfsborg Brondby
6%
LW Amar Fatah 22/23 AIK Troyes
4%
LW Bojan Djordjic 98/99 Brommapojkarna Manchester United
4%
RB Joe Mendes 22/23 AIK Braga
4%
ST Marcus Antonsson 16/17 Kalmar Leeds United
4%
ST Martin Pringle 98/99 Benfica Charlton Athletic
4%
ST Mats Magnusson 87/88 Malmo Benfica
4%
GK Mattias Asper 00/01 AIK Real Sociedad
4%
LB Mikael Dorsin 04/05 Strasbourg Rosenborg
4%
CM Oscar Hiljemark 17/18 Palermo Genoa
4%
CM Oscar Hiljemark 15/16 PSV Palermo
4%
CM Oscar Hiljemark 12/13 Elfsborg PSV
4%
ST Osman Sow 15/16 Hearts Henan Jianye
4%
RW Patrik Walemark 21/22 Hacken Feyenoord
4%
ST Rade Prica 07/08 Aalborg Sunderland
4%
ST Rade Prica 02/03 Helsingborgs Hansa Rostock
4%
CB Andreas Jakobsson 04/05 Brondby Southampton
3%
CB Andreas Jakobsson 00/01 Helsingborgs Hansa Rostock
3%
CM Armin Gigovic 20/21 Helsingborgs Rostov
3%
RW Benjamin Nygren 19/20 Goteborg Genk
3%
CB Daniel Majstorovic 05/06 Twente Basel
3%
ST Denni Avdic 10/11 Elfsborg Werder Bremen
3%
ST Emil Roback 20/21 Hammarby Milan
3%
LB Eric Kahl 21/22 AIK Aarhus
3%
ST Fredrik Berglund 01/02 Elfsborg Roda
3%
CM Imam Jagne 20/21 Hacken Everton
3%
RW Jacob Ondrejka 23/24 Elfsborg Royal Antwerp
3%
CB Joel Ekstrand 10/11 Helsingborgs Udinese
3%
ST Mathias Ranegie 12/13 Malmo Udinese
3%
ST Mathias Ranegie 11/12 Hacken Malmo
3%
ST Mattias Jonson 04/05 Brondby Norwich City
3%
LW Paulos Abraham 21/22 AIK Groningen
3%
LW Pawel Cibicki 17/18 Malmo Leeds United
3%
RW Peter Gwargis 18/19 Jonkoping Brighton & Hove Albion
3%
CB Rasmus Lindgren 07/08 Groningen Ajax
3%
CM Simon Tibbling 14/15 Djurgardens Groningen
3%
LM Yksel Osmanovski 01/02 Bari Torino
3%
CM Aimar Sher 21/22 Hammarby Spezia
1%
ST Alexander Gerndt 11/12 Helsingborgs Utrecht
1%
ST Bjorn Runstrom 06/07 Hammarby Fulham
1%
RW Carlos Strandberg 16/17 CSKA Moscow Club Brugge
1%
CB Emil Bergstrom 15/16 Djurgardens Rubin Kazan
1%
RW Emir Bajrami 10/11 Elfsborg Twente
1%
ST Emra Tahirovic 07/08 Halmstads Lille
1%
LW Erkan Zengin 14/15 Eskisehirspor Trabzonspor
1%
ST Gustav Engvall 16/17 Goteborg Bristol City
1%
ST Jack Lahne 19/20 Brommapojkarna Amiens
1%
CB Jesper Tolinsson 21/22 Goteborg Lommel
1%
DM Johan Martensson 11/12 GAIS Utrecht
1%
ST Johan Oremo 08/09 Gefle Djurgardens
1%
ST Ken Fagerberg 07/08 Orgryte Midtjylland
1%
ST Linus Hallenius 10/11 Hammarby Genoa
1%
ST Magnus Arvidsson 99/00 Trelleborg Hansa Rostock
1%
CM Marcus Lantz 99/00 Torino Hansa Rostock
1%
CM Marcus Lantz 99/00 Helsingborgs Torino
1%
CM Melker Hallberg 14/15 Kalmar Udinese
1%
LB Oliver Zanden 22/23 Elfsborg Toulouse
1%
CM Otto Rosengren 23/24 Mjallby Malmo
1%
ST Patrik Ingelsten 08/09 Kalmar Heerenveen
1%
CB Riccardo Gagliolo 21/22 Parma Salernitana
1%
CB Riccardo Gagliolo 18/19 Carpi Parma
1%
CM Robert Prytz 88/89 Bayer Uerdingen Atalanta
1%
ST Samuel Armenteros 17/18 Heracles Almelo Benevento
1%
CM Tesfaldet Tekie 16/17 Norrkoping Gent
1%
No matching quizzes found
Score Distribution
Percent of People with Each Score
Percentile by Number Answered
Your Score History
You have not taken this quiz